Remarks on the amillennialism and kindred teaching of Philip Mauro. (Record no. 14253)

000 -LEADER
fixed length control field 00635nam a2200193 a 4500
001 - CONTROL NUMBER
control field :::00012082$&:&@@
003 - CONTROL NUMBER IDENTIFIER
control field OkBaRHE
005 - DATE AND TIME OF LATEST TRANSACTION
control field 20100402121201.0
008 - FIXED-LENGTH DATA ELEMENTS--GENERAL INFORMATION
fixed length control field s1943 j 000 0 eng u
040 ## - CATALOGING SOURCE
Transcribing agency
100 1# - MAIN ENTRY--PERSONAL NAME
Personal name Reid, R. J.
245 10 - TITLE STATEMENT
Title Remarks on the amillennialism and kindred teaching of Philip Mauro.
250 ## - EDITION STATEMENT
Edition statement 1st ed.
260 ## - PUBLICATION, DISTRIBUTION, ETC. (IMPRINT)
Place of publication, distribution, etc New York, NY.,
Name of publisher, distributor, etc Loizeaux Bros., Bible Truth Depot
Date of publication, distribution, etc 1943
300 ## - PHYSICAL DESCRIPTION
Extent 102 p. ;
Dimensions 19 cm.
650 ## - SUBJECT ADDED ENTRY--TOPICAL TERM
Topical term or geographic name as entry element Mauro, Philip, 1859-1952.
942 ## - ADDED ENTRY ELEMENTS (KOHA)
Source of classification or shelving scheme
Koha item type Books
Copies
Price effective from Date last seen Not for loan Withdrawn status Copy number Koha item type Barcode Date acquired Full call number Source of classification or shelving scheme Shelving location Damaged status Permanent Location Lost status
2010-04-142010-04-14  1Books120822010-04-14BX 8809 .M38 R45 1943 General Stacks RHEMA Bible Training College